00497 a2200145 4500020002500000050002100025100002500046245008500071264005100156300002600207504005100233650001900284700002900303700001900332 a9780195985825 (pbk.)00aKTL 920 SCO 2006 aScott, Johaneeditor04aThe law of commerce in South Africa /cJohan Scott, Dumile Baqwa ... [et al.]. aSouth Africa :bOxford University Press,c2006 axvi, 400 p. :bill. ; aIncludes bibliographical references and index 0aCommercial law1 aScott, T. J.q(T. Johan)1 aBaqwa, Dumile.